Set mesos i set dies a l'Espanya de Franco / Iñaki de Aberrigoyen
Descripción Física:
102 p. ; 20 cm
MARC
| LEADER | 00000nam a2200000Ia 4500 | ||
|---|---|---|---|
| 001 | 9926 | ||
| 008 | 160829s1938 xx 000 0 cat d | ||
| 080 | |a H-1-190 | ||
| 100 | |a Azpiazu, Iñaki de |9 22334 | ||
| 245 | |a Set mesos i set dies a l'Espanya de Franco / Iñaki de Aberrigoyen | ||
| 260 | |a Barcelona : |b Comissariat de Propaganda de la Generalitat de Catalunya, |c 1938 | ||
| 300 | |a 102 p. ; |c 20 cm | ||
| 651 | 0 | |a Espanya |x Història |y 1936-1939, Guerra Civil |9 55759 | |
| 710 | 1 | |a Catalunya. |b Comissariat de Propaganda |9 56414 | |
| 901 | |a Arxiu | ||
| 942 | |n 1 | ||
| 952 | |0 0 |1 0 |4 0 |6 H1190 |7 1 |9 42173 |a Arxiu |b Arxiu |d 2016-12-01 |l 0 |o H-1-190 |p 9926 |r 2016-12-01 00:00:00 |w 2016-12-01 |y ARXIU | ||
| 999 | |c 44620 |d 44620 | ||